=LDR 00000nam 2200000 4500 =001 INLIS000000000011799 =005 20130612103337 =008 ***********************************Ind** =035 ##$$0010-061300000011799 =041 ##$$a Ind =082 ##$$a 658.4 =090 ##$$a 658.4, Irm m =100 ##$$a Iraim, Sujitno =245 ##$$a Manajer yang gagal Pengembangan bawahan, Soejjitno Iraim =260 ##$$a 2004 $b Jakarta =300 ##$$a 112 hlm., 19 cm =650 ##$$a Kepemimpinan =850 ##$$a NBPNMAT